000 00420nam a2200181Ia 4500
001 10417
005 20260306161830.0
008 260306t1982||||xx |||||||||||||| ||spa||
041 _aESP
082 _a923.87
_bG63
100 _aGómez M., Luis
_eAUT
245 0 _aHomenaje a Dn Andrés Bello
260 _c1982
300 _a72 páginas :
_c21 cm.
650 _aGEN
654 _aCHU
942 _cLIB
_dJUS
_fJUS
_2ddc
_n
999 _c10417
_d10417